000 00414nam a2200181Ia 4500
001 14048
005 20260306164845.0
008 260306t1993||||xx |||||||||||||| ||spa||
041 _aESP
082 _a006.3
_bK74
100 _aKong, Maynard
_eAUT
245 0 _aInteligencia artificial
260 _c1993
300 _a243 páginas :
_c24 cm.
650 _aGEN
654 _aCCC
942 _cLIB
_dJUS
_fJUS
_2ddc
_n
999 _c14048
_d14048